000 01820nam a22004337a 4500
003 CHAP
005 20220329143320.0
008 080528s2007 mx a r 00010 spa d
010 _a94861
011 _a95833
020 _a9688395374
035 _a106464
040 _cCHAP
082 0 4 _a628.1
_bJ5 2007
100 0 0 _aJiménez Merino, Alberto.
_961593
245 1 0 _aAgua para el desarrollo :
_bmás agua siempre para todos
_c/por F. Alberto Jiménez Merino
250 _a3 ed.
260 _aPuebla, Mex. :
_bGobierno del Estado de Puebla,
_c2007
300 _a339 p. :
_bilus.
590 _aBATCH-UPD
_b10
_c20130110
_lUCH01
_h1750
590 _aBATCH-UPD
_b10
_c20130410
_lUCH01
_h1034
590 _aBATCH-UPD
_b10
_c20130914
_lUCH01
_h1704
590 _aCONVERSION
_b10
_c20130109
_lUCH01
_h1352
650 1 4 _aAgua de lluvia
_xAlmacenamiento.
_92413
650 1 4 _aAgua
_xAbastecimiento
_xPuebla.
_92259
650 1 4 _aAgua
_xAprovechamiento
_xPuebla.
_92300
650 1 4 _aAgua
_xUtilizacion
_xPuebla.
_92410
650 1 4 _aAguas residuales
_xPurificacion.
_92588
650 1 4 _aPresas de tierra.
_991510
901 _aBK
942 _cLIBRO
949 _a628.1 J5 2007
_bBC
_cLIBRO
_d33724002056850
_eLIBRO
_fc.3
_gDonaciØn
_h109530
_i106464
_si
949 _a628.1 J5 2007
_bBC
_cLIBRO
_d33724002056892
_eLIBRO
_fc.4
_gDonaciØn
_h109531
_i106464
_sb
949 _a628.1 J5 2007
_bBC
_cLIBRO
_d33724002056934
_eLIBRO
_fc.5
_gDonaciØn
_h109532
_i106464
_si
949 _a628.1 J5 2007
_bBC
_cLIBRO
_d33724002056975
_eLIBRO
_fc.2
_gDonaciØn
_h109529
_i106464
_si
949 _a628.1 J5 2007
_bBC
_cLIBRO
_d33724002057488
_eLIBRO
_fc.7
_gDonaciØn
_h109534
_i106464
_si
949 _a628.1 J5 2007
_bBC
_cLIBRO
_d33724002057520
_eLIBRO
_fc.6
_gDonaciØn
_h109533
_i106464
_si
949 _a628.1 J5 2007
_bBC
_cUACH
_d33724002057710
_eUACH
_gDonaciØn
_h109566
_i106464
_sb
999 _c94861
_d94861